| 000 | 00430nam a22001697a 4500 | ||
|---|---|---|---|
| 003 | CEME | ||
| 005 | 20210628205340.0 | ||
| 008 | 210311b xxu||||| |||| 00| 0 eng d | ||
| 020 | _a0-14-051049-4 | ||
| 040 | _c. | ||
| 082 | _a551.03 WHI'G | ||
| 100 |
_aBrooks, J. R. V Whitten, D. G. A _975075 |
||
| 245 | _aThe penguin dictionary of geology | ||
| 260 |
_aENGLAND _bPENGUIN BOOKS _c1987 |
||
| 300 | _a500P | ||
| 942 |
_cBK _2ddc |
||
| 999 |
_c580561 _d580561 |
||